000 00569nam a22001577a 4500
999 _c534911
_d534911
020 _qHard Cover.
082 _a621
100 _aHassan,Arslan
245 _aDesign, FEM Modeling and Optimization of MEMS based Wideband Vibrational Energy Harvester for Low Power Applications /
_cHASSAN ARSLAN.
260 _aIslamabad :
_bCEME - NUST,
_c2018.
300 _ax, 59 p. : ill. ;
_c30cm.
942 _2ddc
_cTHE
650 _aMS Thesis Mechanics Engineering
_929327
700 _aDr. Muhammad Mubasher Saleem
_917349